000 00284nam a22001217a 4500
008 181024b xxu||||| |||| 00| 0 eng d
041 _aeng
080 _a610
100 _a3
101 _aSHM
245 _aPhysicians Guide Odering Diets For Adult
_cSedlet.j.a
942 _2udc
_cBK
999 _c50826
_d50826